000 04667cam a2200613 i 4500
999 _c128282
_d128282
001 18654735
003 ARRUPE
005 20181002100835.0
008 150611s2014 enka b 001 0 eng d
010 _a 2015413652
015 _aGBB492745
_2bnb
016 7 _a016855587
_2Uk
020 _a9780719091803
_q(hbk.)
020 _a0719091802
_q(hbk.)
035 _a(OCoLC)ocn892961511
040 _aStDuBDS
_beng
_cCDX
_erda
_dCDX
_dOCLCO
_dYDXCP
_dBTCTA
_dBDX
_dUKMGB
_dUAB
_dOCLCQ
_dOCLCO
_dNYP
_dVVC
_dCHVBK
_dOCLCF
_dOCLCO
_dOCL
_dDLC
042 _alccopycat
043 _af------
_ae-uk---
_ae-fr---
_ae-po---
050 0 0 _aDT29
_b.D48 2014
072 7 _aPOL
_2ukslc
082 0 4 _a325.3'096'0904
_223
245 0 0 _aDeveloping Africa :
_bconcepts and practices in twentieth-century colonialism /
_cedited by Joseph M. Hodge, Gerald Hödl, and Martina Kopf.
260 _aManchester
_bManchester university Press
_c2014
300 _axviii, 414 p. :
_billustrations ;
_c24 cm
490 1 _aStudies in imperialism
504 _aIncludes bibliographical references (pages 377-408) and index.
505 0 _aMeanings of development in twentieth-century colonialism. From dead end to new lease of life : development in south-eastern Tanganyika from the late 1930s to the 1950s / Juhani Koponen ; Developing 'Portuguese Africa' in late colonialism : confronting discourses / Cláudia Castelo ; A history of maendeleo : the concept of 'development' in Tanganyika's late colonial public sphere / Emma Hunter -- Economic and rural development. The 'private' face of African development planning during the Second World War / Billy Frank ; Ecological concepts of development? : the case of colonial Zambia / Sven Speek ; Developming rural Africa : rural development discourse in colonial Zimbabwe, 1944-79 / E. Kushinga Makombe ; The tractor as a tool of development? : the mythologies and legacies of mechanissed tropical agriculture in French Africa, 1944-56 / Céline Pessis -- Social development and welfare. From precondition to goal of development : health and medicine in the planning and politics of British Tanganyika / Walter Bruchhausen ; 'Keystone of progress' and mise en valeur d'ensemble : British and French colonial discourses on education for development in the interwar period / Walter Schicho ; Development and education in British colonial Nigeria, 1940-55 / Uyilawa Usuanlele ; Motherhood, morality, and social order : gender and development discourse and practice in late colonial Africa / Barbara Bush -- Discourse-analytical and literary perspectives on colonial development. The world the Portuguese developed : racial politics, luso-tropicalism and development discourse in late Portuguese colonialism / Caio Simões de Araújo and Iolande Vasile ; The notion of 'développement' in French colonial discourses : changes indiscursive practices and their solcial implications / Françoise Dufour ; Developing Africa in the colonial imageination : European and African narrative writing of the interwar period / Martina Kopf -- Epilogue : taking stock, looking ahead / Joseph M. Hodge.
520 8 _a'Developing Africa' investigates development in British, French and Portuguese colonial Africa during the last decades of colonial rule.
648 7 _a1900-1999
_2fast
_942650
650 0 _aColonies
_zAfrica
_xHistory
_y20th century.
_942651
650 0 _aEconomic development
_zAfrica
_xHistory
_y20th century.
_942652
650 7 _aBritish colonies.
_2fast
_942653
650 7 _aColonies.
_2fast
_923599
650 7 _aEconomic development.
_2fast
_99273
650 7 _aFrench colonies.
_2fast
_942654
650 7 _aPortuguese colonies.
_2fast
_942655
650 7 _aKolonialismus.
_2gnd
_942656
650 7 _aEntwicklungspolitik.
_2gnd
_942657
650 7 _aPolitics and Government.
_2ukslc
_931317
651 0 _aGreat Britain
_xColonies
_zAfrica
_xHistory
_y20th century.
_942658
651 0 _aFrance
_xColonies
_zAfrica
_xHistory
_y20th century.
_942659
651 0 _aPortugal
_xColonies
_zAfrica
_xHistory
_y20th century.
_942660
651 7 _aAfrica.
_2fast
_98946
651 7 _aAfrika.
_2gnd
_941712
655 7 _aHistory.
_2fast
_912337
700 1 _aHodge, Joseph Morgan,
_d1965-
_eeditor.
_942661
700 1 _aHödl, Gerald,
_d1965-
_eeditor.
_942662
700 1 _aKopf, Martina,
_eeditor.
_942663
830 0 _aStudies in imperialism.
_942620
906 _a7
_bcbc
_ccopycat
_d2
_encip
_f20
_gy-gencatlg
942 _2lcc
_cMONOGRAPH